000 00353nam a22001457a 4500
008 210301b ||||| |||| 00| 0 eng d
020 _a9781605477084
041 _aeng
080 _29th
_a610.73
082 _a610.73
100 _a1
101 _aINF
245 _aGenerating and Assesing Evidence for Nursing Practice
_cPolit, D.F
942 _2udc
_cBK
999 _c55328
_d55328